Fast Food Matchup Quiz Stats

 Plays Quiz Updated Jan 20, 2014

Support Sporcle.
Go Orange.
Score 0/22 Timer 03:00
0 Plays Today
% Correct
McDonald's
93.7%
Burger King
92.4%
Taco Bell
87%
Dairy Queen
86.1%
Subway
73.2%
Chipotle
69.4%
Wendy's
68.7%
Pizza Hut
67.2%
Arby's
65.6%
White Castle
65.5%
Little Caesars
57.3%
% Correct
Long John Silvers
57.1%
Chick-Fil-A
56.8%
Popeye's
55.6%
Sonic
53.2%
KFC
52.8%
Hardee's|Carl's Jr.
51.5%
In-n-Out
42.8%
Jack in the Box
33%
Krystal
22.5%
Quizno's
17.5%
Domino's
12.1%

From the Vault

Complete the Video Game... With a Picture

by Noldeh

Gaming 5m
We know video games are about graphics, but this is ridiculous.
Remove Ads.
Support Sporcle.
Get the best of Sporcle when you Go Orange. This ad-free experience offers more features, more stats, and more fun while also helping to support Sporcle. Thank you for becoming a member.

Show Comments

Extras

Top Quizzes Today


Score Distribution

Your Account Isn't Verified!

In order to create a playlist on Sporcle, you need to verify the email address you used during registration. Go to your Sporcle Settings to finish the process.

Report this User

Report this user for behavior that violates our Community Guidelines.

Details: